000 00556nam a2200217Ia 4500
003 OSt
005 20260327113551.0
008 210210b1937 xxu||||| |||| 00| 0 eng d
040 _cAL
041 _aHindi
082 _a869/133
100 _aMUNSHI (K M)
_dमुंशी (के.एम.)
_9259562
245 _aLpa mudra I
_bलोपामुद्रा
260 _aBombay
_b-
_c1937
650 _amudra
_9259563
650 _aLOpa
_9259564
650 _aI
_9259565
690 _aHindi Fiction
_9259566
906 _a023932
942 _2ddc
_cBK
999 _c148897
_d148897